| 000 | 00462nam a2200181Ia 4500 | ||
|---|---|---|---|
| 008 | 240925s9999 xx 000 0 und d | ||
| 020 | _a9788131721186 | ||
| 082 | _a337 BAS | ||
| 100 | _aBasak, Anindita | ||
| 245 | 0 | _aEnvironmental Studies | |
| 250 | _aNA | ||
| 260 |
_aUttar Pradesh: _bPearson Education Inc _c,2009. |
||
| 300 |
_a360p. _b0 _fOriginal |
||
| 500 | _aIncludes Index | ||
| 600 | _aSocial Sciences | ||
| 650 | _aSocial Sciences | ||
| 942 | _cBK | ||
| 999 |
_c16409 _d16409 |
||